=LDR 00000nam 2200000 4500 =001 INLIS000000000033049 =005 20130612135027 =008 ***********************************ind** =035 ##$$0010-061300000033049 =041 ##$$a ind =082 ##$$a 658.81 =090 ##$$a 658.81, Mur m =100 ##$$a Mursio, M =245 ##$$a Manajemen pemasaran, Mursid =260 ##$$a 2008 $b Jakarta =300 ##$$a ix,136 hlm, Ilus, 23 cm =650 ##$$a Manajemen Pemasaran =850 ##$$a NBPNMAT